Pressupostos municipals 1971-1976
Descripción Física:
2 v.
MARC
| LEADER | 00000nam a2200000Ia 4500 | ||
|---|---|---|---|
| 001 | 9844, 9845 | ||
| 008 | 160829s1981 xx 000 0 cat d | ||
| 080 | |a FOL-1-181, FOL-1-182 | ||
| 245 | |a Pressupostos municipals 1971-1976 | ||
| 260 | |a Barcelona : |b Consorci d'Informació i Documentació de Catalunya, |c 1981 | ||
| 300 | |a 2 v. | ||
| 650 | |a Pressupostos municipals |x Catalunya |x 1971/1976 |9 22248 | ||
| 710 | 2 | |a Consorci d'Informació i Documentació de Catalunya |9 54862 | |
| 866 | |a Volum I: P. ordinaris i p. especials. |x XXXI, 259 p. ; 20 x 29 cm. |x R. 9844. |x FOL-1-181. -vbcrlfVolum II: P. extraordinaris, p. consolidats, inversió i endeutament. |x XVI, 137 p. ; 20'5 x 31 cm. |x R. 9845. |x FOL-1-182 | ||
| 901 | |a Arxiu | ||
| 942 | |n 1 | ||
| 952 | |0 0 |1 0 |4 0 |6 FOL1181_FOL1182 |7 1 |9 42138 |a Arxiu |b Arxiu |d 2016-12-01 |l 0 |o FOL-1-181, FOL-1-182 |p 9844, 9845 |r 2016-12-01 00:00:00 |w 2016-12-01 |y ARXIU | ||
| 999 | |c 44585 |d 44585 | ||